Tilastot visalle Mensan maantietoa - Monivalintavisa

Klikkaa tästä pelataksesi tätä visaa!

Yleistilastot

  • Tätä visaa on pelattu 376 kertaa
  • Keskiarvotulos 14 / 15

Vastaustilastot

KysymysVastaus% Oikein
Mikä on saarivaltio Välimeressä?Malta
100%
Maa Skandinaviassa on..?Norja
99%
Mikä on Puolan pääkaupunki ?Varsova
99%
Niemimaa Aasiassa on ..?Korea
98%
Kanadan pääkaupunki on ..?Ottawa
98%
Etelä-amerikkalainen maa on ...?Peru
98%
Kaupunki Japanissa on ..?Tokio
98%
Yhdysvaltojen osavaltio on...?Minnesota
97%
Maa Anatolian niemimaalla on...?Turkki
96%
Edellisen Anatolian nimemimaalla sijaitsevan maan pääkaupunki on ..?Ankara
95%
Etelä-Amerikkalainen pääkaupunki on ..?Lima
95%
Bulgarian pääkaupunki on ..?Sofia
94%
Mikä on Yhdysvaltain osavaltioMaine
91%
Niemimaa jäämeren rannalla on..?Kuola
82%
Pääkaupunki Arabian niemimaalla on ..?Sanaa
78%

Tulosjakauma

Persentiili vastausten määrän mukaan

Jokaisen tuloksen saaneiden osuus

Tuloshistoriasi

Et ole pelannut tätä visaa